00431nam a2200157Ia 4500003000900000008004100009040001600050080001600066100002000082245003800102260004000140300001600180490004000196650002400236650001300260IN-BaIIA211028s9999 xx 000 0 eng d cIIA Library a514.74bKAP aKaplan, Wilfred 0aAdvanced calculuscWilfred Kaplan aMassachusettsbAddison-Wesleyc1952 axiii, 679p. aAddison-Wesley World Student Series aAnalytical Geometry aCalculus